| 000 | 00427nam a2200169 a 4500 | ||
|---|---|---|---|
| 001 | 1146 | ||
| 003 | CDMR | ||
| 005 | 20130320111203.0 | ||
| 008 | 130130s1969||||||||||||||||||||||||||||d | ||
| 040 |
_aCDMR _bcat _cCDMR |
||
| 100 | 1 |
_9899 _aFoix, J.V. _d1893-1987 |
|
| 245 | 1 | 4 |
_aEls lloms transparents _cJ.V. Foix |
| 260 |
_aBarcelona _c1969 _bEdicions 62 |
||
| 300 |
_a166 p ; _c19 cm |
||
| 490 | 0 |
_aCara i creu _v13 |
|
| 942 |
_cMON _2udc |
||
| 999 |
_c1146 _d1146 |
||